LIBRARY & INFORMATION CENTRE, KCAET, TAVANUR

ONLINE PUBLIC ACCESS CATALOGUE (OPAC)

Deficit Irrigation Practice (Record no. 14384)

MARC details
000 -LEADER
fixed length control field 00375nam a22001337a 4500
020 ## - INTERNATIONAL STANDARD BOOK NUMBER
ISBN 8172333765
082 ## - DEWEY DECIMAL CLASSIFICATION NUMBER
Classification number 631.587
Item number SCI/DE
100 ## - MAIN ENTRY--AUTHOR NAME
Personal name Food and Agriculture Organization of the United Nations (FOA)
245 ## - TITLE STATEMENT
Title Deficit Irrigation Practice
260 ## - PUBLICATION, DISTRIBUTION, ETC. (IMPRINT)
Place of publication Jodhpur
Name of publisher Scientific Publishers (india)
Year of publication 2002
300 ## - PHYSICAL DESCRIPTION
Number of Pages 102
490 ## - SERIES STATEMENT
Series statement Water Reports 22
942 ## - ADDED ENTRY ELEMENTS (KOHA)
Koha item type Books
Holdings
Withdrawn status Lost status Damaged status Collection code Home library Current library Shelving location Date acquired Source of acquisition Cost, normal purchase price Full call number Accession Number Koha item type
        KAUAET KAUAET General Stacks 27/06/2016 Scientific Book Centre Kochi 495.00 631.587 SCI/DE 23971 Books
free website counter